00675nam a2200181Ia 4500952014900000999001700149003000400166005001700170008004100187040000900228082002200237100002100259245008700280260005100367300000900418650001500427942005100442 00102ddc40708RECRUITMENTaMESbMEScCAREER CORNERd2019-02-20g90.00l0o332.110954 PUB/Bp32564r2019-02-20 00:00:00w2019-02-20yREFzU9R3 c36908d36908OSt20210123150228.0190216s9999||||xx |||||||||||||| ||und|| coclc a332.110954bPUB/B aPublishers93512 0aBank Clerical Examination:bModel Question Papers and Practice Tests /cPublishers bCompetition Review Pvt Ltd,c2008.aNew Delhi: a289p aReferences cREF2ddch332.110954iPUB/Bk332.110954mPUB/B